000 00694nam a2200277Ia 4500
008 171120s9999 xx 000 0 und d
020 _a9.7807534079e+012
050 _a940.1
050 _bB873 2001
100 _aBrooks, Philip
245 _aKnights and castles /
245 _cby Philip Brooks.
260 _aUSA :
260 _bScholastic Inc.,
260 _c2001
300 _a40 pages :
300 _bcolor illustrations ;
300 _c28cm.
440 _aQuestions & answers.
500 _aIncludes index.
650 _aCastles.
650 _aKnights and knighthood --
650 _xMiscellanea -- Juvenile literature.
700 _aSeries.
700 _aTitle.
999 _c345083
_d345083